Residential commercial and industrial electrical systems (Record no. 7775)
[ view plain ]
| 000 -LEADER | |
|---|---|
| fixed length control field | 00448nam a2200133 a 4500 |
| 100 1# - MAIN ENTRY--AUTHOR NAME | |
| Personal name | Joshi, Hemant. |
| 245 14 - TITLE STATEMENT | |
| Title | Residential commercial and industrial electrical systems |
| 260 ## - PUBLICATION, DISTRIBUTION, ETC. (IMPRINT) | |
| Place of publication | [Vol 2] : |
| Name of publisher | Tata McGraw Hill, |
| Year of publication | 2008. |
| 300 ## - PHYSICAL DESCRIPTION | |
| Number of Pages | 339 p. ; |
| 856 40 - ELECTRONIC LOCATION AND ACCESS | |
| Uniform Resource Identifier | http://www.amazon.com/exec/obidos/ASIN/chopaconline-20 |
| Withdrawn status | Lost status | Home library | Current library | Date acquired | Cost, normal purchase price | Full call number | Accession Number | Koha item type |
|---|---|---|---|---|---|---|---|---|
| Seminar Library, Electrical Engg. | Seminar Library, Electrical Engg. | 01/07/2014 | 1531.00 | 621.381JOS | 39834 | Books |